Výroční zpráva Československé obchodní a průmyslové komory za rok 1987
Salvato in:
| Natura: | Libro |
|---|---|
| Lingua: | ceco |
| Pubblicazione: |
Praha
Československá obchodní a průmyslová komora
1988
|
| Tags: |
Nessun Tag, puoi essere il primo ad aggiungerne!!
|
MARC
| LEADER | 00000nam a2200000 4500 | ||
|---|---|---|---|
| 001 | c022511 | ||
| 005 | 20250526110602.5 | ||
| 041 | 0 | |a cze | |
| 044 | |a CZ | ||
| 245 | 1 | 0 | |a Výroční zpráva Československé obchodní a průmyslové komory za rok 1987 |
| 264 | 1 | |a Praha |b Československá obchodní a průmyslová komora |c 1988 | |
| 300 | |a 161 s. | ||